000 00961nas a2200289 4500
001 BR2011002089
003 BR-BrBNA
005 20231205114551.0
007 ta
008 230509b bl.|||p| |||| 00| 00por d
040 _aBR-BrBNA
_bpor
_cBiblioteca Nacional de Agricultura
041 _a(En)
072 _aM40
100 1 _aCoccentino, A. de L.M.
100 1 _aFuji, M.T.
100 1 _aReis, T.N. de V.
100 1 _aGuimarães-Barros, N.C.
100 1 _aRocha, M. de F.
100 1 _aNeumann-Leitão, S.
245 1 _aDiversity and distribution patterns of the infralittoral green macroalgas from Potiguar basin, Rio Grande do Norte, northeastern Brazil
650 _aALGA VERDE
650 _aDISTRIBUIÇÃO GEOGRÁFICA
650 _aRIO GRANDE DO NORTE
773 0 _tActa Botanica Brasilica (Brazil)
_xISSN 0102-3306
_g(Oct-Dec 2010), v. 24(4) p. 986-996
_wBR2011002089
909 _a202311
_bLúcia
_c55
_dLúcia Elande
942 _2AGRIS
_n0
_cANA
999 _c209358
_d209358